Starving on a full stomach : (Record no. 118676)
[ view plain ]
| 000 -LEADER | |
|---|---|
| fixed length control field | 01675cam a2200349 a 4500 |
| 001 - CONTROL NUMBER | |
| control field | 12263132 |
| 003 - CONTROL NUMBER IDENTIFIER | |
| control field | ARRUPE |
| 005 - DATE AND TIME OF LATEST TRANSACTION | |
| control field | 20131126113248.0 |
| 008 - FIXED-LENGTH DATA ELEMENTS--GENERAL INFORMATION | |
| fixed length control field | 001220s2001 vauab b 001 0 eng |
| 010 ## - LIBRARY OF CONGRESS CONTROL NUMBER | |
| LC control number | 00012981 |
| 020 ## - INTERNATIONAL STANDARD BOOK NUMBER | |
| International Standard Book Number | 0813920477 (alk. paper) |
| 020 ## - INTERNATIONAL STANDARD BOOK NUMBER | |
| International Standard Book Number | 081392068X (pbk. : alk. paper) |
| 040 ## - CATALOGING SOURCE | |
| Original cataloging agency | DLC |
| Transcribing agency | DLC |
| Modifying agency | DLC |
| 043 ## - GEOGRAPHIC AREA CODE | |
| Geographic area code | f-sa--- |
| 050 00 - LIBRARY OF CONGRESS CALL NUMBER | |
| Classification number | RA645.N87 |
| Item number | W95 2001 |
| 082 00 - DEWEY DECIMAL CLASSIFICATION NUMBER | |
| Classification number | 363.8/0968 |
| Edition number | 21 |
| 300 ## - PHYSICAL DESCRIPTION | |
| Other physical details | ill., map ; |
| Dimensions | 25 cm. |
| 100 1# - MAIN ENTRY--PERSONAL NAME | |
| Personal name | Wylie, Diana, |
| Dates associated with a name | 1948- |
| 9 (RLIN) | 3803 |
| 245 10 - TITLE STATEMENT | |
| Title | Starving on a full stomach : |
| Remainder of title | hunger and the triumph of cultural racism in modern South Africa / |
| Statement of responsibility, etc | Diana Wylie. |
| 260 ## - PUBLICATION, DISTRIBUTION, ETC. (IMPRINT) | |
| Place of publication, distribution, etc | Charlottesville : |
| Name of publisher, distributor, etc | University Press of Virginia, |
| Date of publication, distribution, etc | c2001. |
| 300 ## - PHYSICAL DESCRIPTION | |
| Extent | xiv, 319 p. : |
| 440 #0 - SERIES STATEMENT/ADDED ENTRY--TITLE | |
| Title | Reconsiderations in southern African history |
| 9 (RLIN) | 3804 |
| 504 ## - BIBLIOGRAPHY, ETC. NOTE | |
| Bibliography, etc | Includes bibliographical references (p. 281-298) and index. |
| 650 #0 - SUBJECT ADDED ENTRY--TOPICAL TERM | |
| Topical term or geographic name as entry element | Malnutrition |
| Geographic subdivision | South Africa |
| General subdivision | History |
| Chronological subdivision | 20th century. |
| 9 (RLIN) | 3805 |
| 650 #0 - SUBJECT ADDED ENTRY--TOPICAL TERM | |
| Topical term or geographic name as entry element | Famines |
| Geographic subdivision | South Africa |
| General subdivision | History |
| Chronological subdivision | 20th century. |
| 9 (RLIN) | 3806 |
| 650 #0 - SUBJECT ADDED ENTRY--TOPICAL TERM | |
| Topical term or geographic name as entry element | Nutrition policy |
| Geographic subdivision | South Africa |
| General subdivision | History |
| Chronological subdivision | 20th century. |
| 9 (RLIN) | 3807 |
| 650 #0 - SUBJECT ADDED ENTRY--TOPICAL TERM | |
| Topical term or geographic name as entry element | Racism |
| Geographic subdivision | South Africa |
| General subdivision | History |
| Chronological subdivision | 20th century. |
| 9 (RLIN) | 3808 |
| 651 #0 - SUBJECT ADDED ENTRY--GEOGRAPHIC NAME | |
| Geographic name | South Africa |
| General subdivision | Race relations |
| -- | History |
| Chronological subdivision | 20th century. |
| 9 (RLIN) | 3809 |
| 856 42 - ELECTRONIC LOCATION AND ACCESS | |
| Materials specified | Book review (H-Net) |
| Uniform Resource Identifier | <a href="http://www.h-net.org/review/hrev-a0c5n1-aa">http://www.h-net.org/review/hrev-a0c5n1-aa</a> |
| 906 ## - LOCAL DATA ELEMENT F, LDF (RLIN) | |
| a | 7 |
| b | cbc |
| c | orignew |
| d | 1 |
| e | ecip |
| f | 20 |
| g | y-gencatlg |
| 942 ## - ADDED ENTRY ELEMENTS (KOHA) | |
| Source of classification or shelving scheme | Library of Congress Classification |
| Koha item type | Monograph ( Printed materials) |
| Withdrawn status | Lost status | Source of classification or shelving scheme | Damaged status | Not for loan | Home library | Current library | Date acquired | Total Checkouts | Full call number | Barcode | Date last seen | Price effective from | Koha item type |
|---|---|---|---|---|---|---|---|---|---|---|---|---|---|
| Library of Congress Classification | ARRUPE LIBRARY | ARRUPE LIBRARY | 26/11/2013 | RA645.N87 W95 2001 | 46410975 | 02/07/2019 | 26/11/2013 | Monograph ( Printed materials) |